000 00253nmm a2200085Ia 4500
008 220120s9999||||xx |||||||||||||||||und||
100 _aDigit
245 0 _aImage editing tools, video crash course on Ecology , games
260 _aCoorg Institute of Technology
999 _c140093
_d140093